000 00709cam a2200265 i 4500
001 768714001
003 CO-MdFUSB
005 20240615124848.0
007 ta
008 240615t1943 -ag||||| |||| 00| 0 spa d
040 _cCO-MdFUSB
041 0 _aspa
082 0 4 _223
_a234.2
_bL6731f
100 1 _aLewis, Edwin (1881-)
_eautor
245 1 0 _aLa Fe que declaramos
_c/ Edwin Lewis ; Traducido por Adam F. Sosa
264 1 _bLa Aurora,
_aBuenos Aires, Argentina :
_c[1943]
264 4 _c©1943
300 _a177 Pag
336 _atexto
_btxt
_2rdacontent
337 _2rdamedia
_asin mediación
_bn
338 _2rdacarrier
_avolumen
_bnc
653 _aVida cristiana
942 _cBK
945 _aMiguel
999 _c34768
_d34768